000 00354nam a2200145Ia 4500
008 251230s9999 xx 000 0 und d
020 _a1551667967
082 _a820
_bMYE/D
100 _aMyers, Helen R.
245 0 _aDead End
250 _a1st Edition
260 _aNew York
_bMira
_c2001
300 _a408p.
942 _yMuit Old Books
_cMuit Old Books
999 _c50438
_d50438